000 00811pam a2200277 4500
999 _c1843
_d1843
001 1732926
003 OSt
005 20180921133922.0
008 740606s1974 nyua 000 0 eng
010 _a 74011049
020 _a007022918X
040 _aDLC
_cDLC
_dDLC
043 _an-us---
050 0 0 _aBR515
_b.G27
082 0 0 _a209.73
_bG2447R
100 1 _aGarvin, Philip,
_d1947-
245 1 0 _aReligious America.
_cPhotos. by Philip Garvin. Text by Philip Garvin and Julia Welch.
260 _a[New York]
_bMcGraw-Hill
_c[1974]
300 _a189 p.
_billus.
_c23 x 29 cm.
350 _a$12.95
500 _aincludes list of photographs,
651 0 _aUnited States
_xReligious life and customs.
700 1 _aWelch, Julia.
906 _a7
_bcbc
_corignew
_d1
_eocip
_f19
_gy-gencatlg
942 _2ddc
_cBK